Geboren in Ludwigshafen am Rhein - Statistiken

Allgemein
  • Dieses Quiz wurde 69 mal gespielt
    39 seit der letzten Aktualisierung
  • Das Durchschnittsergebnis liegt bei 5 aus 9
Antwortstatistiken
Hinweis Antwort % Korrekt
früherer CDU-Politiker, Bundeskanzler und Ministerpräsident von Rheinland-Pfalz 1930 Helmut Kohl
94%
Rapper, "Roller" "Wieso tust du dir das an?" 1997 Apache 207
79%
früherer Nationalspielr, Vorbereiter des WM-Finaltors 2014 1990 André Schürrle
76%
blonde Reality Show Darstellerin 1986 Daniela Katzenberger
76%
deutsch-afghanischer Fußballer, Bayer Leverkusen 1996 Nadiem Amiri
62%
SPD-Politikerin und Oberbürgermeisterin von Ludwigshafen 1962 Jutta Steinruck
56%
früherer CDU-Politiker und langjähriger Ministerpräsident von Sachsen 1930 Kurt Biedenkopf
24%
Regiesseur und Oscargewinner, "Das Leben des Emile Zola" 1893 William Dieterle
15%
Vorstandsvorsitzender von E.ON 1967 Leonhard Birnbaum
12%
Keine übereinstimmenden Quizze gefunden
Verteilung der Resultate
Anzahl Personen mit jedem Resultat
Perzentil nach korrekt beantworteten Fragen
Ihre Resultats-Entwicklung
Sie haben dieses Quiz seit der letzten Aktualisierung nicht gespielt